Introduction to computer organization and data structures / (Record no. 179892)
[ view plain ]
| 000 -LEADER | |
|---|---|
| fixed length control field | 01161 a2200217 4500 |
| 003 - CONTROL NUMBER IDENTIFIER | |
| control field | NUST |
| 005 - DATE AND TIME OF LATEST TRANSACTION | |
| control field | 20230606171614.0 |
| 010 ## - LIBRARY OF CONGRESS CONTROL NUMBER | |
| LC control number | 74026622 |
| 020 ## - INTERNATIONAL STANDARD BOOK NUMBER | |
| International Standard Book Number | 0070617201 |
| 040 ## - CATALOGING SOURCE | |
| Transcribing agency | Nust |
| 082 00 - DEWEY DECIMAL CLASSIFICATION NUMBER | |
| Classification number | 005.73,STO |
| 100 1# - MAIN ENTRY--PERSONAL NAME | |
| Personal name | Stone, Harold S., |
| 9 (RLIN) | 36591 |
| 245 10 - TITLE STATEMENT | |
| Title | Introduction to computer organization and data structures / |
| Statement of responsibility, etc. | Harold S. Stone |
| 260 ## - PUBLICATION, DISTRIBUTION, ETC. | |
| Place of publication, distribution, etc. | New York : |
| Name of publisher, distributor, etc. | McGraw-Hill, |
| Date of publication, distribution, etc. | [1972] |
| 300 ## - PHYSICAL DESCRIPTION | |
| Extent | xvi, 321 p. : |
| Other physical details | ill. ; |
| Dimensions | 24 cm. |
| 490 0# - SERIES STATEMENT | |
| Series statement | McGraw-Hill computer science series |
| 505 ## - FORMATTED CONTENTS NOTE | |
| Formatted contents note | Algorithms Turning Machines and Programs (Page-1), Basic Aspects of Computer Organization (Page-18), IBM System /360 and System /370 Computer Organization (Page-47), Address Modification and Logical Operations (Page-63), Assemblers (Page-85), Data Structures (Page-115), Subroutines, Coroutines and Parameters (Page-135), Input/Output Operations (Page-165), Linked Data Structures (Page-203), Rooted Trees Recursive Programs and Push Down Stack Machines (Page-219), Sorting and Searching (Page-249), appendix (Page-293). |
| 650 #0 - SUBJECT ADDED ENTRY--TOPICAL TERM | |
| Topical term or geographic name entry element | PDP-11 (Computer) |
| General subdivision | Programming. |
| 9 (RLIN) | 113031 |
| 700 1# - ADDED ENTRY--PERSONAL NAME | |
| Personal name | Siewiorek, Daniel P., |
| 9 (RLIN) | 113032 |
| 942 ## - ADDED ENTRY ELEMENTS (KOHA) | |
| Source of classification or shelving scheme | |
| Koha item type | Book |
| Call number prefix | 00573,STO |
| Withdrawn status | Lost status | Source of classification or shelving scheme | Damaged status | Not for loan | Permanent Location | Current Location | Shelving location | Date acquired | Full call number | Barcode | Date last seen | Price effective from | Koha item type | Public note |
|---|---|---|---|---|---|---|---|---|---|---|---|---|---|---|
| Military College of Signals (MCS) | Military College of Signals (MCS) | General Stacks | 12/12/2016 | 005.73,STO | MCS22295 | 12/08/2016 | 12/12/2016 | Book | Almirah No.81, Shelf No.2 |
